000 00339nam a2200133Ia 4500
008 230818s2008 xx 000 0 und d
041 _aeng
100 _aAndrews
245 _aHotel Housekeeping Management& operation
260 _bTata M.c. Grav hill pub.
_c2008
300 _a418p
520 _aGeneral
999 _c852550
_d852550
650 _aHotel Housekeeping